[Event "Oberliga Nord W 2122"]
[Site "Germany"]
[Date "2021.12.12"]
[Round "4.2"]
[White "Abel, Dennes"]
[Black "Schirm, Friedmar"]
[Result "1-0"]
[WhiteElo "2446"]
[BlackElo "2257"]
[PlyCount "165"]
[EventDate "2021.10.10"]
[EventType "team-tourn"]
[EventRounds "9"]
[EventCountry "GER"]
[SourceTitle "EXT 2023"]
[Source "ChessBase"]
[SourceDate "2022.10.05"]
[SourceVersion "1"]
[SourceVersionDate "2022.10.05"]
[SourceQuality "1"]
[WhiteTeam "Lister Turm"]
[BlackTeam "Lehrte"]
[WhiteTeamCountry "GER"]
[BlackTeamCountry "GER"]

1. d4 b6 2. e4 e6 3. Nf3 Bb7 4. Bd3 c5 5. c3 Nf6 6. Qe2 Be7 7. 0-0 Nc6 8. a3 d6 9. Nbd2 0-0 10. b4 cxd4 11. cxd4 e5 12. Nb3 exd4 13. Nbxd4 Re8 14. Nxc6 Bxc6 15. Nd4 Bb7 16. Bb5 Nd7 17. Nc6 Bxc6 18. Bxc6 Rc8 19. b5 Bf6 20. Ra2 Re7 21. Be3 Nc5 22. f3 Na4 23. Qd3 a6 24. Rc2 Nc5 25. Qc4 axb5 26. Qxb5 Ra7 27. Bd5 Rxa3 28. Bf2 Ra5 29. Qe2 Be5 30. f4 Bf6 31. Rd1 Qe7 32. Qf3 Ra1 33. Rxa1 Bxa1 34. Qb3 Qf6 35. g3 Bd4 36. Qxb6 Bxf2+ 37. Rxf2 Qd4 38. Qb2 Qe3 39. Qd2 Qxd2 40. Rxd2 Kf8 41. Kf2 Ke7 42. Ra2 Rc7 43. Ke3 Nd7 44. Kd4 Nf6 45. Bb3 Rb7 46. Bc4 Rc7 47. Bb3 Rb7 48. Bc4 Rc7 49. Bb5 Rb7 50. Bc6 Rc7 51. Ra6 Nd7 52. Bd5 Nf6 53. Bb3 Rb7 54. Bc4 Rc7 55. Be2 Nd7 56. Ra5 Nc5 57. Ra3 Ne6+ 58. Ke3 Nc5 59. Bb5 Rb7 60. Bc4 Rc7 61. Bd5 Nd7 62. Kd3 Nf6 63. Bb3 Nd7 64. Kd4 Nc5 65. Bd5 Nd7 66. g4 h6 67. h4 Nf6 68. g5 hxg5 69. hxg5 Nxd5 70. Kxd5 g6 71. Ra5 Rb7 72. f5 gxf5 73. exf5 Rc7 74. Ra4 Rc5+ 75. Ke4 Rc7 76. Kf4 Rb7 77. f6+ Kd7 78. Re4 Kd8 79. g6 fxg6 80. Kg5 d5 81. Re5 Rd7 82. Kxg6 Kc7 83. Re7 1-0

[Event "Oberliga Nord W 2122"]
[Site "Germany"]
[Date "2021.10.10"]
[Round "1.2"]
[White "Schirm, Friedmar"]
[Black "Mossakowski, Florian"]
[Result "0-1"]
[WhiteElo "2270"]
[BlackElo "2281"]
[PlyCount "102"]
[EventDate "2021.10.10"]
[EventType "team-tourn"]
[EventRounds "9"]
[EventCountry "GER"]
[SourceTitle "EXT 2023"]
[Source "ChessBase"]
[SourceDate "2022.10.05"]
[SourceVersion "1"]
[SourceVersionDate "2022.10.05"]
[SourceQuality "1"]
[WhiteTeam "Lehrte"]
[BlackTeam "Delmenhorst"]
[WhiteTeamCountry "GER"]
[BlackTeamCountry "GER"]

1. Nf3 d5 2. d4 Nf6 3. g3 Bf5 4. Bg2 e6 5. 0-0 Be7 6. c4 c6 7. Nc3 Nbd7 8. Nd2 0-0 9. e4 dxe4 10. Ndxe4 Nxe4 11. Nxe4 Nf6 12. Nc3 Qd7 13. Bf4 Rad8 14. Qb3 b5 15. cxb5 cxb5 16. Rfd1 b4 17. Na4 Nd5 18. Nc5 Qe8 19. Bd2 a5 20. a3 Qb5 21. axb4 axb4 22. Bf1 Qb8 23. Ra4 h5 24. Rda1 Rfe8 25. Ra7 Bxc5 26. dxc5 Rc8 27. R7a5 Qe5 28. Bxb4 Rb8 29. Bc3 Qe4 30. Rb5 Rxb5 31. Qxb5 Rd8 32. Ba5 Rc8 33. Re1 Qd4 34. b4 Qd2 35. Qe2 Qd4 36. Rd1 Qc3 37. Qd2 Qa3 38. Rc1 Be4 39. Be2 h4 40. c6 hxg3 41. hxg3 f5 42. Rc4 Kf7 43. Qc1 Rh8 44. f3 Qb3 45. Rd4 Bxf3 46. Rd3 Qxd3 47. Bxd3 Rh1+ 48. Kf2 Rxc1 49. b5 Be4 50. Be2 Rc2 51. Ke1 Nc3 0-1

[Event "Oberliga Nord W 1920"]
[Site "Germany"]
[Date "2020.03.01"]
[Round "7.1"]
[White "Ackermann, Dennie"]
[Black "Schirm, Friedmar"]
[Result "0-1"]
[WhiteElo "2133"]
[BlackElo "2260"]
[PlyCount "90"]
[EventDate "2019.09.29"]
[EventType "team-tourn"]
[EventRounds "9"]
[EventCountry "GER"]
[SourceTitle "CBM 195 Extra"]
[Source "ChessBase"]
[SourceDate "2020.05.31"]
[SourceVersion "1"]
[SourceVersionDate "2020.05.31"]
[SourceQuality "1"]

1. Nf3 Nf6 2. g3 d5 3. Bg2 c6 4. 0-0 Bf5 5. d3 h6 6. c4 e6 7. Nc3 Be7 8. cxd5 exd5 9. Qb3 Qb6 10. Qxb6 axb6 11. e4 dxe4 12. Nd4 Bh7 13. dxe4 0-0 14. Nf5 Bxf5 15. exf5 b5 16. Re1 Bc5 17. Ne4 Nxe4 18. Bxe4 Nd7 19. Bf4 Nf6 20. Bf3 Bd4 21. Be5 Bxe5 22. Rxe5 Rfe8 23. Re3 Kf8 24. Kf1 Rxe3 25. fxe3 Ke7 26. Ke2 Kd6 27. e4 Ke5 28. Ke3 Ra4 29. b3 Rd4 30. Rc1 Nxe4 31. g4 Nf6 32. Rc5+ Nd5+ 33. Bxd5 Rxd5 34. Rc1 b4 35. Rc4 c5 36. Rc2 b6 37. Re2 Kf6 38. Kf3 h5 39. h3 Rd3+ 40. Kf4 Rd4+ 41. Kf3 hxg4+ 42. hxg4 b5 43. Re8 c4 44. Rb8 c3 45. Rxb5 Rc4 0-1

[Event "Oberliga Nord W 1920"]
[Site "Germany"]
[Date "2020.02.09"]
[Round "6.1"]
[White "Schirm, Friedmar"]
[Black "Bokros, Albert"]
[Result "0-1"]
[WhiteElo "2265"]
[BlackElo "2471"]
[PlyCount "108"]
[EventDate "2019.09.29"]
[EventType "team-tourn"]
[EventRounds "9"]
[EventCountry "GER"]
[SourceTitle "CBM 195 Extra"]
[Source "ChessBase"]
[SourceDate "2020.05.31"]
[SourceVersion "1"]
[SourceVersionDate "2020.05.31"]
[SourceQuality "1"]

1. Nf3 d5 2. c4 e6 3. g3 Nf6 4. Bg2 dxc4 5. Qa4+ c6 6. Qxc4 b5 7. Qb3 Bb7 8. 0-0 Nbd7 9. d4 a6 10. a4 Be7 11. Nc3 b4 12. Ne5 Nxe5 13. dxe5 Nd5 14. Ne4 0-0 15. Be3 Qa5 16. Bg5 Bxg5 17. Nxg5 Qc7 18. Qc2 g6 19. e4 Nb6 20. a5 Nd7 21. f4 c5 22. Rfc1 Rac8 23. Bf1 Nb8 24. Nf3 Rfd8 25. Nd2 Nc6 26. Nb3 Nd4 27. Qxc5 Qb8 28. Qxb4 Nc2 29. Rxc2 Rxc2 30. Qb6 Rxb2 31. Rc1 Bxe4 32. Qxb8 Rxb8 33. Nc5 Rc8 34. Bxa6 Rc7 35. Bf1 Ra2 36. a6 Bd5 37. Rc3 Rc6 38. Rc1 Ra5 39. Nb3 Rxc1 40. Nxc1 Ra1 41. Ne2 Bc4 42. Kf2 Bxa6 43. h4 Ra3 44. Kg2 h5 45. Kf2 Kf8 46. Kg2 Ke7 47. Kf2 Kd7 48. Kg2 Kc7 49. Kf2 Kb6 50. Kg2 Kc5 51. Kf2 Bd3 52. Kg2 Kd5 53. Kf2 Bxe2 54. Bxe2 Ke4 0-1

[Event "Oberliga Nord W 1920"]
[Site "Germany"]
[Date "2019.11.24"]
[Round "3.1"]
[White "Schirm, Friedmar"]
[Black "Breutigam, Martin"]
[Result "1/2-1/2"]
[WhiteElo "2267"]
[BlackElo "2373"]
[PlyCount "100"]
[EventDate "2019.09.29"]
[EventType "team-tourn"]
[EventRounds "9"]
[EventCountry "GER"]
[SourceTitle "CBM 195 Extra"]
[Source "ChessBase"]
[SourceDate "2020.05.31"]
[SourceVersion "1"]
[SourceVersionDate "2020.05.31"]
[SourceQuality "1"]

1. Nf3 d5 2. c4 e6 3. g3 Nf6 4. Bg2 Be7 5. 0-0 0-0 6. b3 d4 7. e3 c5 8. exd4 cxd4 9. d3 Nc6 10. Re1 Re8 11. a3 a5 12. Ne5 Nxe5 13. Rxe5 Qc7 14. Rb5 Ra7 15. Bf4 Bd6 16. Bxd6 Qxd6 17. Nd2 b6 18. b4 axb4 19. axb4 Rc7 20. Rc1 Ba6 21. c5 bxc5 22. Rbxc5 Rxc5 23. bxc5 Qc7 24. Ne4 Nxe4 25. Bxe4 f5 26. Qa4 Qc8 27. Bc6 Rd8 28. Bb5 Bxb5 29. Qxb5 Kf7 30. c6 Qc7 31. Qc5 Rd5 32. Qb4 g5 33. Rc4 g4 34. Rc1 h5 35. Qd2 Kg6 36. Qa2 Rd6 37. Qa8 Rd8 38. Qa3 Kf7 39. Qa6 Rd6 40. Rc5 Kf6 41. Qc4 Rd8 42. Kg2 Rd6 43. Qc1 Kg6 44. Qf4 Qd8 45. Rc1 Rxc6 46. Rxc6 Qd5+ 47. Kg1 Qxc6 48. Qxd4 Qc1+ 49. Kg2 Qc6+ 50. Kg1 Qc1+ 1/2-1/2

[Event "Oberliga Nord W 1718"]
[Site "Germany"]
[Date "2018.03.18"]
[Round "8.1"]
[White "Kardoeus, David"]
[Black "Schirm, Friedmar"]
[Result "1/2-1/2"]
[WhiteElo "2229"]
[BlackElo "2271"]
[PlyCount "106"]
[EventDate "2017.10.08"]
[EventType "team-tourn"]
[EventRounds "9"]
[EventCountry "GER"]
[SourceTitle "EXT 2019"]
[Source "ChessBase"]
[SourceDate "2018.10.10"]
[SourceVersion "1"]
[SourceVersionDate "2018.10.10"]
[SourceQuality "1"]
[WhiteTeam "Werder Bremen III"]
[BlackTeam "Hannover"]
[WhiteTeamCountry "GER"]
[BlackTeamCountry "GER"]

1. e4 c5 2. Nf3 Nc6 3. d4 cxd4 4. Nxd4 g6 5. c4 Bg7 6. Be3 Nf6 7. Nc3 d6 8. Be2 0-0 9. 0-0 Bd7 10. f3 Nxd4 11. Bxd4 a5 12. a3 a4 13. c5 e5 14. Be3 dxc5 15. Bxc5 Re8 16. Qd2 Bf8 17. Be3 Bc6 18. Rfd1 Qa5 19. Bc4 Bc5 20. Qf2 Bxe3 21. Qxe3 Red8 22. g4 Rxd1+ 23. Rxd1 Rd8 24. Kf2 Rxd1 25. Nxd1 Nd7 26. Qc3 Qc5+ 27. Ne3 Kf8 28. b4 axb3 29. Qxb3 Qd4 30. g5 Nc5 31. Qb4 Kg7 32. Ke2 b5 33. Bd5 Qd3+ 34. Kf2 Bxd5 35. exd5 Nb3 36. Qe4 Qxe4 37. fxe4 Nd2 38. Ng4 Nxe4+ 39. Ke3 Nxg5 40. Nxe5 f6 41. Nc6 Nf7 42. Kd4 f5 43. Kc5 f4 44. Nd4 Kf6 45. Kxb5 Ke5 46. Kc5 g5 47. a4 g4 48. Ne2 f3 49. Ng3 Nd6 50. Kc6 Nc4 51. Kc5 Nd6 52. Kc6 Nc4 53. Kc5 Nd6 1/2-1/2

[Event "Oberliga Nord W 1617"]
[Site "Germany"]
[Date "2017.05.07"]
[Round "9.1"]
[White "Schirm, Friedmar"]
[Black "Hoeffer, David"]
[Result "0-1"]
[WhiteElo "2231"]
[BlackElo "2308"]
[PlyCount "86"]
[EventDate "2016.10.16"]
[EventType "team-tourn"]
[EventRounds "9"]
[EventCountry "GER"]
[SourceTitle "EXT 2018"]
[Source "ChessBase"]
[SourceDate "2017.10.13"]
[SourceVersion "1"]
[SourceVersionDate "2017.10.13"]
[SourceQuality "1"]
[WhiteTeam "Hannover SF"]
[BlackTeam "Delmenhorst"]
[WhiteTeamCountry "GER"]
[BlackTeamCountry "GER"]

1. Nf3 Nf6 2. c4 g6 3. Nc3 Bg7 4. e4 d6 5. d4 0-0 6. Be2 e5 7. d5 a5 8. 0-0 Na6 9. Bg5 h6 10. Bxf6 Qxf6 11. a3 Bd7 12. Ne1 Qe7 13. Nd3 a4 14. Nxa4 Bxa4 15. Qxa4 Nc5 16. Nxc5 Rxa4 17. Nxa4 h5 18. Rac1 Bh6 19. Rc2 Qh4 20. Bd3 f5 21. Re1 b6 22. Ree2 f4 23. f3 g5 24. Nc3 g4 25. Rc1 Qg5 26. Kh1 Kh8 27. Rf1 Qd8 28. Rc2 Bg5 29. Be2 Qd7 30. Nd1 Bh4 31. Rc3 Rg8 32. b4 Qe7 33. fxg4 hxg4 34. h3 Qh7 35. Nf2 Bxf2 36. Rxf2 g3 37. Rf1 Qxe4 38. Bf3 Qd4 39. Rcc1 Ra8 40. c5 bxc5 41. bxc5 Rxa3 42. cxd6 cxd6 43. Rfe1 Rxf3 0-1

[Event "Oberliga Nord W 1617"]
[Site "Germany"]
[Date "2016.11.20"]
[Round "2.1"]
[White "Steffens, Olaf"]
[Black "Schirm, Friedmar"]
[Result "1-0"]
[WhiteElo "2248"]
[BlackElo "2231"]
[PlyCount "41"]
[EventDate "2016.10.16"]
[EventType "team-tourn"]
[EventRounds "9"]
[EventCountry "GER"]
[SourceTitle "EXT 2018"]
[Source "ChessBase"]
[SourceDate "2017.10.13"]
[SourceVersion "1"]
[SourceVersionDate "2017.10.13"]
[SourceQuality "1"]
[WhiteTeam "Werder Bremen"]
[BlackTeam "Hannover SF"]
[WhiteTeamCountry "GER"]
[BlackTeamCountry "GER"]

1. b4 d5 2. e3 e5 3. a3 Nf6 4. Bb2 Bd6 5. c4 Nbd7 6. Nf3 e4 7. c5 exf3 8. cxd6 fxg2 9. Bxg2 cxd6 10. 0-0 Ne5 11. f4 Nc4 12. Bd4 0-0 13. Nc3 Bf5 14. Nxd5 Nxd5 15. Bxd5 Bd3 16. Rf3 Nb6 17. Rg3 g6 18. Qh5 Nxd5 19. Qxh7+ Kxh7 20. Rh3+ Kg8 21. Rh8# 1-0

[Event "Wunsiedel op 8th"]
[Site "Wunsiedel"]
[Date "2014.05.29"]
[Round "2"]
[White "Meyer, Peter2222"]
[Black "Schirm, Friedmar"]
[Result "0-1"]
[WhiteElo "2085"]
[BlackElo "2272"]
[PlyCount "64"]
[EventDate "2014.05.29"]
[EventType "swiss"]
[EventRounds "7"]
[EventCountry "GER"]
[SourceTitle "CBM 160 Extra"]
[Source "ChessBase"]
[SourceDate "2014.07.01"]
[SourceVersion "1"]
[SourceVersionDate "2014.07.01"]
[SourceQuality "1"]

1. e4 c5 2. d3 Nc6 3. f4 g6 4. Nf3 Bg7 5. c3 d5 6. Be2 e6 7. 0-0 Nge7 8. Nbd2 b6 9. Qe1 Ba6 10. Nh4 dxe4 11. dxe4 Bxe2 12. Qxe2 0-0 13. f5 exf5 14. exf5 Nd5 15. Qf3 Qxh4 16. Qxd5 Ne7 17. Nf3 Qf6 18. Qb7 Nxf5 19. Bg5 Qe6 20. Rfe1 Qc8 21. Qd5 h6 22. Bf4 Rd8 23. Qc4 Qc6 24. Ne5 Qe6 25. Qf1 Re8 26. Rad1 Qxa2 27. g4 Nh4 28. Rd7 Bxe5 29. Bxe5 Qe6 30. Rd3 Qxg4+ 31. Kh1 Nf5 32. Qe2 Rxe5 0-1

[Event "Oberliga Nord W 1314"]
[Site "Germany"]
[Date "2014.02.09"]
[Round "6.2"]
[White "Hundack, Rolf"]
[Black "Schirm, Friedmar"]
[Result "1/2-1/2"]
[WhiteElo "2229"]
[BlackElo "2263"]
[PlyCount "103"]
[EventDate "2013.10.13"]
[EventType "team-tourn"]
[EventRounds "9"]
[EventCountry "GER"]
[SourceTitle "EXT 2015"]
[Source "ChessBase"]
[SourceDate "2014.11.20"]
[SourceVersion "1"]
[SourceVersionDate "2014.11.20"]
[SourceQuality "1"]
[WhiteTeam "Bremer SG"]
[BlackTeam "Hameln"]
[WhiteTeamCountry "GER"]
[BlackTeamCountry "GER"]

1. c4 Nf6 2. Nc3 c5 3. Nf3 Nc6 4. d4 cxd4 5. Nxd4 g6 6. g3 Bg7 7. Bg2 0-0 8. 0-0 d6 9. Nc2 Qa5 10. Nd5 Nxd5 11. cxd5 Ne5 12. Bd2 Qb6 13. Bc3 Bf5 14. Nd4 Bd7 15. a4 Rfc8 16. a5 Qa6 17. Re1 b6 18. f4 Ng4 19. e3 bxa5 20. Nc6 Bxc3 21. bxc3 Re8 22. Bh3 Nxe3 23. Rxe3 Bxh3 24. g4 Qb6 25. Nd4 e5 26. dxe6 fxe6 27. Rxh3 e5 28. Rb1 Qc5 29. Qb3+ d5 30. fxe5 Rac8 31. Qb5 Qxb5 32. Rxb5 Rxe5 33. Rxa5 Rc7 34. Rd3 Rf7 35. Ra2 h5 36. gxh5 gxh5 37. Rg3+ Kh7 38. Re2 Rxe2 39. Nxe2 a5 40. Rg5 Rg7 41. Rxg7+ Kxg7 42. Nf4 Kf6 43. Nxd5+ Ke5 44. Nb6 Ke4 45. Kf2 Kd3 46. Kg3 Kxc3 47. Kh4 Kb4 48. Kxh5 Kb5 49. Nd5 Kc4 50. Nb6+ Kb5 51. Nd5 Kc4 52. Nb6+ 1/2-1/2

[Event "Oberliga Nord W 1213"]
[Site "Germany"]
[Date "2013.04.14"]
[Round "9.2"]
[White "Buchenau, Frank"]
[Black "Schirm, Friedmar"]
[Result "0-1"]
[WhiteElo "2299"]
[BlackElo "2251"]
[PlyCount "56"]
[EventDate "2012.10.14"]
[EventType "team-tourn"]
[EventRounds "9"]
[EventCountry "GER"]
[SourceTitle "EXT 2014"]
[Source "ChessBase"]
[SourceDate "2013.11.20"]
[SourceVersion "1"]
[SourceVersionDate "2013.11.20"]
[SourceQuality "1"]
[WhiteTeam "Goettingen Tempo"]
[BlackTeam "Hameln"]
[WhiteTeamCountry "GER"]
[BlackTeamCountry "GER"]

1. c4 e6 2. g3 d5 3. Nf3 Nf6 4. b3 a5 5. Nc3 d4 6. Nb5 Nc6 7. e3 Bc5 8. Bb2 e5 9. exd4 exd4 10. Qe2+ Kf8 11. Ne5 Nb4 12. d3 c6 13. Na3 Bf5 14. g4 Nxg4 15. Bh3 Nxe5 16. Bxf5 Qe7 17. Kf1 Re8 18. Nc2 Nxc2 19. Qxc2 Qg5 20. Be4 f5 21. Bc1 Qh5 22. Bg2 Kf7 23. Bf4 Re6 24. Re1 Rhe8 25. Rxe5 Rxe5 26. Bxe5 Rxe5 27. h3 Bb4 28. Kg1 Re2 0-1

[Event "Oberliga Nord W 1213"]
[Site "Germany"]
[Date "2013.01.13"]
[Round "5.2"]
[White "Schirm, Friedmar"]
[Black "Geurink, Jasper"]
[Result "1-0"]
[WhiteElo "2251"]
[BlackElo "2331"]
[PlyCount "99"]
[EventDate "2012.10.14"]
[EventType "team-tourn"]
[EventRounds "9"]
[EventCountry "GER"]
[SourceTitle "EXT 2014"]
[Source "ChessBase"]
[SourceDate "2013.11.20"]
[SourceVersion "1"]
[SourceVersionDate "2013.11.20"]
[SourceQuality "1"]
[WhiteTeam "Hameln"]
[BlackTeam "Esens"]
[WhiteTeamCountry "GER"]
[BlackTeamCountry "GER"]

1. d4 Nf6 2. c4 g6 3. Nc3 Bg7 4. Bg5 d6 5. e3 0-0 6. Nf3 c5 7. d5 Qb6 8. Rb1 Qa5 9. Bd3 b5 10. cxb5 Nxd5 11. 0-0 Nxc3 12. bxc3 Qc7 13. Be4 Bb7 14. Bxb7 Qxb7 15. c4 Re8 16. Qc2 Nd7 17. e4 a6 18. a4 axb5 19. Rxb5 Qa6 20. a5 Nb8 21. Bd2 Nc6 22. Rb6 Qc8 23. Qa4 Nb4 24. Bxb4 cxb4 25. Qxb4 Qd7 26. e5 Bxe5 27. Re1 Qf5 28. Nxe5 dxe5 29. Rb5 f6 30. Rb7 Kf7 31. Ra1 Qd3 32. g3 Qd4 33. Rc1 e4 34. Rc3 Ra6 35. Kg2 Re6 36. Rb6 Re5 37. c5 Qxb4 38. Rxb4 Rc8 39. a6 Rcxc5 40. Rxc5 Rxc5 41. Ra4 Rc8 42. Rxe4 Ra8 43. Ra4 Ke6 44. a7 h5 45. Kf3 Kf5 46. Ra5+ e5 47. Ra6 g5 48. h3 g4+ 49. hxg4+ hxg4+ 50. Ke3 1-0

[Event "Apolda op 16th"]
[Site "Apolda"]
[Date "2007.08.24"]
[Round "2"]
[White "Schirm, Friedmar"]
[Black "Blank, Stefan"]
[Result "0-1"]
[WhiteElo "2270"]
[BlackElo "2032"]
[PlyCount "82"]
[EventDate "2007.08.23"]
[EventType "swiss"]
[EventRounds "7"]
[EventCountry "GER"]
[SourceTitle "CBM 120 Extra"]
[Source "ChessBase"]
[SourceDate "2007.11.01"]
[SourceVersion "1"]
[SourceVersionDate "2007.11.01"]
[SourceQuality "1"]

1. Nf3 Nf6 2. c4 g6 3. Nc3 Bg7 4. e4 d6 5. d4 0-0 6. Be2 Nbd7 7. e5 dxe5 8. dxe5 Ng4 9. e6 fxe6 10. Bg5 Bf6 11. 0-0 Nge5 12. Nd4 Nb6 13. Bh6 Re8 14. Ndb5 c6 15. Qxd8 Rxd8 16. Nc7 Rb8 17. Be3 Bd7 18. Bxb6 axb6 19. f4 Nf7 20. Bg4 Nh6 21. Bh3 Nf5 22. Rae1 Kf7 23. g4 Bd4+ 24. Kh1 Ng7 25. Ne4 h6 26. Ng3 Rbc8 27. f5 exf5 28. Rd1 Be5 29. gxf5 Rxc7 30. fxg6+ Kxg6 31. Bf5+ Nxf5 32. Nxf5 Bf6 33. Rd3 c5 34. Rg3+ Kh7 35. h4 Bxf5 36. Rxf5 Rd1+ 37. Kg2 Rd2+ 38. Kh3 Rxb2 39. Rd5 Re2 40. Rd8 Re4 41. h5 Rh4+ 0-1

[Event "NRW Class1 0405"]
[Site "Germany"]
[Date "2005.01.09"]
[Round "5.2"]
[White "Lenhert, Steven"]
[Black "Schirm, Friedmar"]
[Result "0-1"]
[WhiteElo "2211"]
[BlackElo "2301"]
[PlyCount "70"]
[EventDate "2004.10.10"]
[EventType "team"]
[EventRounds "9"]
[EventCountry "GER"]
[SourceTitle "EXT 2006"]
[Source "ChessBase"]
[SourceDate "2005.11.24"]
[SourceVersion "1"]
[SourceVersionDate "2005.11.24"]
[SourceQuality "1"]
[WhiteTeam "Westbevern"]
[BlackTeam "Werther"]
[WhiteTeamCountry "GER"]
[BlackTeamCountry "GER"]

1. e4 c5 2. Nf3 Nc6 3. d4 cxd4 4. Nxd4 g6 5. c4 Nf6 6. Nc3 d6 7. Be2 Nxd4 8. Qxd4 Bg7 9. Be3 Be6 10. Rc1 0-0 11. Qd2 Qa5 12. 0-0 Rfc8 13. b3 a6 14. Rc2 b5 15. cxb5 axb5 16. b4 Qxb4 17. Rb1 Nxe4 18. Rxb4 Nxd2 19. Bxd2 Ra3 20. Rxb5 Bxc3 21. Be3 Rxa2 22. Rxa2 Bxa2 23. Rb7 Bf6 24. h3 h5 25. g4 hxg4 26. hxg4 Bd5 27. Rb6 Ra8 28. Ba6 Bf3 29. g5 Be5 30. Kf1 d5 31. Bc5 e6 32. Rc6 d4 33. Rb6 Bc7 34. Rb3 Bd5 35. Ra3 Rxa6 0-1

[Event "NRW Class1 0405"]
[Site "Germany"]
[Date "2004.11.21"]
[Round "3.2"]
[White "Matthias, Heiner"]
[Black "Schirm, Friedmar"]
[Result "1-0"]
[WhiteElo "2372"]
[BlackElo "2301"]
[PlyCount "49"]
[EventDate "2004.10.10"]
[EventType "team"]
[EventRounds "9"]
[EventCountry "GER"]
[SourceTitle "EXT 2006"]
[Source "ChessBase"]
[SourceDate "2005.11.24"]
[SourceVersion "1"]
[SourceVersionDate "2005.11.24"]
[SourceQuality "1"]
[WhiteTeam "Lippstadt Turm"]
[BlackTeam "Werther"]
[WhiteTeamCountry "GER"]
[BlackTeamCountry "GER"]

1. e4 c5 2. Nc3 Nc6 3. Nge2 g6 4. d4 cxd4 5. Nxd4 Bg7 6. Nb3 Nf6 7. Be2 0-0 8. 0-0 b6 9. Re1 d6 10. Bg5 Bb7 11. Bf1 Na5 12. Nd5 Nxb3 13. Bxf6 Bxd5 14. Bxg7 Kxg7 15. axb3 Bb7 16. b4 Qc7 17. b5 Rfe8 18. Bd3 Rad8 19. Ra3 d5 20. e5 d4 21. h4 Rd5 22. f4 Rc5 23. h5 g5 24. Qg4 Kh8 25. Qf5 1-0

[Event "Nord West Cup 05th"]
[Site "Bad Zwischenahn"]
[Date "2003.??.??"]
[Round "5"]
[White "Gutman, Lev"]
[Black "Schirm, Friedmar"]
[Result "1-0"]
[WhiteElo "2495"]
[BlackElo "2305"]
[PlyCount "41"]
[EventDate "2003.02.??"]
[EventType "swiss"]
[EventRounds "7"]
[EventCountry "GER"]
[SourceTitle "EXT 2004"]
[Source "ChessBase"]
[SourceDate "2003.11.25"]
[SourceVersion "1"]
[SourceVersionDate "2003.11.25"]
[SourceQuality "1"]

1. Nf3 Nf6 2. g3 g6 3. Bg2 Bg7 4. 0-0 0-0 5. d4 d5 6. c4 dxc4 7. Na3 c3 8. bxc3 c5 9. Nc4 Nc6 10. Nce5 Nd5 11. Qd2 Be6 12. Nxc6 bxc6 13. Ne5 cxd4 14. cxd4 c5 15. Ba3 Rc8 16. Rac1 c4 17. Nxc4 Rxc4 18. Rxc4 Ne3 19. Qxe3 Bxc4 20. Bxe7 Bxd4 21. Qe4 1-0

[Event "Nord West Cup 05th"]
[Site "Bad Zwischenahn"]
[Date "2003.??.??"]
[Round "4"]
[White "Schirm, Friedmar"]
[Black "Meins, Gerlef"]
[Result "1/2-1/2"]
[WhiteElo "2305"]
[BlackElo "2436"]
[PlyCount "58"]
[EventDate "2003.02.??"]
[EventType "swiss"]
[EventRounds "7"]
[EventCountry "GER"]
[SourceTitle "EXT 2004"]
[Source "ChessBase"]
[SourceDate "2003.11.25"]
[SourceVersion "1"]
[SourceVersionDate "2003.11.25"]
[SourceQuality "1"]

1. Nf3 d5 2. c4 e6 3. g3 Nf6 4. Bg2 Be7 5. 0-0 0-0 6. b3 c5 7. e3 Nc6 8. Bb2 b6 9. Nc3 Bb7 10. cxd5 exd5 11. d4 Ne4 12. dxc5 Bf6 13. Qc1 Nxc5 14. Rd1 Nb4 15. Ne1 Rc8 16. Qd2 a5 17. Ne2 Ne4 18. Bxe4 dxe4 19. Qxd8 Bxd8 20. Nc3 Bc6 21. a3 Na6 22. Nd5 Nc5 23. b4 Nd3 24. Nxd3 Bxd5 25. Ne5 Bb3 26. Rdc1 Bf6 27. Bd4 axb4 28. axb4 Rxc1+ 29. Rxc1 Bxe5 1/2-1/2

[Event "BL2-Nord 0102"]
[Site "Germany"]
[Date "2002.02.03"]
[Round "5.5"]
[White "Heinemann, Ernst"]
[Black "Schirm, Friedmar"]
[Result "1-0"]
[WhiteElo "2217"]
[BlackElo "2302"]
[PlyCount "115"]
[EventDate "2001.10.07"]
[EventType "team-tourn"]
[EventRounds "9"]
[EventCountry "GER"]
[SourceTitle "CBM 088 Extra"]
[Source "ChessBase"]
[SourceDate "2002.07.01"]
[SourceVersion "2"]
[SourceVersionDate "2002.07.01"]
[SourceQuality "1"]
[WhiteTeam "Oldenburg Union"]
[BlackTeam "Neukloster"]
[WhiteTeamCountry "GER"]
[BlackTeamCountry "GER"]

1. e4 c5 2. Nf3 Nc6 3. Bb5 g6 4. 0-0 Bg7 5. Re1 Nf6 6. c3 0-0 7. d4 d5 8. exd5 Qxd5 9. c4 Qd8 10. d5 Nd4 11. Nxd4 cxd4 12. Qxd4 a6 13. Ba4 Qa5 14. Nc3 Ng4 15. Qd1 Qc7 16. d6 exd6 17. Bf4 Qxc4 18. Bg3 Bf5 19. Bb3 Qd4 20. h3 Qxd1 21. Raxd1 Ne5 22. Rxd6 Nd3 23. Re7 Nxb2 24. Nd5 b5 25. Ne3 Bd3 26. Bd5 Rac8 27. Rxa6 Nc4 28. Raa7 Nxe3 29. fxe3 Bc4 30. Bf3 Rfe8 31. Rxe8+ Rxe8 32. Bc6 Bh6 33. Bxe8 Bxe3+ 34. Bf2 Bxa7 35. Bxa7 Bxa2 36. Bc5 Bc4 37. Kf2 h5 38. Kg3 Kg7 39. h4 Kg8 40. Kf4 Kg7 41. g3 Kg8 42. Ke5 Kg7 43. Be7 Be2 44. Bc6 Bd3 45. Bf6+ Kf8 46. Kd4 Bc4 47. Kc5 Ba2 48. Bxb5 Bb3 49. Kd6 Ba2 50. Bc6 Bc4 51. Bd5 Be2 52. Kd7 Bb5+ 53. Kd8 Bd3 54. Bg5 Bb5 55. Bh6+ Kg8 56. Ke7 Kh7 57. Bg5 f5 58. Kf8 1-0

[Event "BL2-Nord 0102"]
[Site "Germany"]
[Date "2002.01.20"]
[Round "4.6"]
[White "Dornieden, Manfred"]
[Black "Schirm, Friedmar"]
[Result "0-1"]
[WhiteElo "2288"]
[BlackElo "2302"]
[PlyCount "109"]
[EventDate "2001.10.07"]
[EventType "team-tourn"]
[EventRounds "9"]
[EventCountry "GER"]
[SourceTitle "CBM 088 Extra"]
[Source "ChessBase"]
[SourceDate "2002.07.01"]
[SourceVersion "2"]
[SourceVersionDate "2002.07.01"]
[SourceQuality "1"]
[WhiteTeam "Delmenhorst"]
[BlackTeam "Neukloster"]
[WhiteTeamCountry "GER"]
[BlackTeamCountry "GER"]

1. c4 Nf6 2. Nf3 g6 3. g3 Bg7 4. Bg2 0-0 5. 0-0 d5 6. cxd5 Nxd5 7. Nc3 Nc6 8. d4 Nb6 9. e3 e5 10. dxe5 Qxd1 11. Rxd1 Nxe5 12. Nxe5 Bxe5 13. f4 Bg7 14. e4 Bg4 15. Re1 Bd4+ 16. Kh1 Nc4 17. h3 Be6 18. Nb5 Bb6 19. b3 a6 20. Na3 Bd4 21. Rb1 Nb6 22. Kh2 Rad8 23. Nc2 Bc3 24. Re3 Bg7 25. Ba3 Rfe8 26. Re2 Bd7 27. Rd1 Bb5 28. Red2 Rxd2 29. Rxd2 Bc3 30. Rf2 Rd8 31. Bb4 Bxb4 32. Nxb4 a5 33. Nd5 Nxd5 34. exd5 Rd7 35. Rc2 b6 36. g4 Kf8 37. g5 Ke7 38. Kg3 Kd8 39. h4 Re7 40. Kf2 Bd3 41. Rc6 Re2+ 42. Kf3 Rxa2 43. Bh3 Bb5 44. Rf6 Ke7 45. h5 Rb2 46. hxg6 Rxb3+ 47. Ke4 hxg6 48. Bg4 a4 49. f5 gxf5+ 50. Bxf5 Bd3+ 51. Kd4 Bxf5 52. Rxf5 a3 53. Rf2 Rb2 54. Rf3 Rb4+ 55. Kc3 0-1